000 01053nam a2200253 a 4500
001 70917
003 BD-RjUL
005 20211209082044.0
008 170422s1979 bg a|||| |||| 00| 0 ben d
020 _c: Tk. 40.00
035 _a(BD-RjUL)71131
040 _aBD-RjUL
_bben
_cBD-RjUL
_dBD-RjUL
041 _aben
082 _223
_a547
_bCHS 1979
100 1 _aচক্রবর্তী, পরিতোষ কুমার
_9127187
245 1 0 _aস্নাতক জৈব রসায়ন = Degree organic chemistry /
_cপরিতোষ কুমার চক্রবর্তী ও সুভাষ চন্দ্র পাল
250 _a৩ য় সং.
260 _aঢাকা :
_bবাংলাদেশ বুক কর্পোরেশন,
_c১৯৭৯
300 _a৫৮১পৃ. :
_bচিত্র ;
_c২১ সেমি.
650 _aজৈব রসায়ন
_9123391
650 _aOrganic Chemistry
_9123392
700 _aপাল, সুভাষ চন্দ্র
_9127184
942 _2ddc
_cBK
999 _c70917
_d70917